Textbook on Administrative Law / (Record no. 11672)

MARC details
000 -LEADER
fixed length control field 01689nam a22003852 4500
001 - CONTROL NUMBER
control field 0000025378
005 - DATE AND TIME OF LATEST TRANSACTION
control field 20151217154527.0
008 - FIXED-LENGTH DATA ELEMENTS--GENERAL INFORMATION
fixed length control field 150827s xx 000 0 eng d
020 ## - INTERNATIONAL STANDARD BOOK NUMBER
International Standard Book Number 0199601660 :
040 ## - CATALOGING SOURCE
Original cataloging agency KABU
Transcribing agency KABU
100 1# - MAIN ENTRY--PERSONAL NAME
Personal name Leyland, Peter.
-- 0000178766
245 10 - TITLE STATEMENT
Title Textbook on Administrative Law /
Statement of responsibility, etc. by Peter Leyland and Gordon Anthony.
250 ## - EDITION STATEMENT
Edition statement 7th ed.
260 ## - PUBLICATION, DISTRIBUTION, ETC. (IMPRINT)
Place of publication, distribution, etc. UK :
Name of publisher, distributor, etc. O.U.P.,
Date of publication, distribution, etc. 2013.
300 ## - PHYSICAL DESCRIPTION
Extent xxviii, 506p.
650 #0 - SUBJECT ADDED ENTRY--TOPICAL TERM
Topical term or geographic name as entry element Administrative law
Geographic subdivision Great Britain.
-- 0000160153
710 2# - ADDED ENTRY--CORPORATE NAME
Corporate name or jurisdiction name as entry element Gordon Anthony.
-- 0000186039
852 1# - LOCATION
-- P 6000 KES
852 1# - LOCATION
-- P 6000 KES
852 1# - LOCATION
-- P 6000 KES
852 1# - LOCATION
-- P 6000 KES
852 1# - LOCATION
-- P 6000 KES
852 1# - LOCATION
-- P 6000 KES
852 1# - LOCATION
-- P 6000 KES
852 1# - LOCATION
-- P 6000 KES
852 1# - LOCATION
-- P 6000 KES
852 1# - LOCATION
-- P 6000 KES
852 1# - LOCATION
-- P 6000 KES
852 1# - LOCATION
-- P 6000 KES
852 1# - LOCATION
-- P 6000 KES
852 1# - LOCATION
-- P 6000 KES
852 1# - LOCATION
-- P 6000 KES
908 ## - PUT COMMAND PARAMETER (RLIN)
Put command parameter 150827
950 ## - LOCAL HOLDINGS (RLIN)
-- 1
Holdings
Withdrawn status Lost status Source of classification or shelving scheme Not for loan Home library Current library Date acquired Total Checkouts Full call number Barcode Date last seen Date last checked out Price effective from Koha item type Total Renewals Checked out
    Library of Congress Classification   Kabarak, Main Campus Kabarak, Main Campus 17/12/2015 7 KD4879 .L49 2013 C.1 019405 17/03/2026 02/03/2026 17/12/2015 General Collection    
    Library of Congress Classification   Kabarak, Main Campus Kabarak, Main Campus 17/12/2015 3 KD4879 .L49 2013 C.2 019407 05/03/2025 03/03/2025 17/12/2015 General Collection 1  
    Library of Congress Classification   Kabarak, Main Campus Kabarak, Main Campus 17/12/2015 7 KD4879 .L49 2013 C.7 019408 22/01/2024 16/01/2024 17/12/2015 General Collection 1  
    Library of Congress Classification   Kabarak, Main Campus Kabarak, Main Campus 17/12/2015 10 KD4879 .L49 2013 C.6 019409 13/03/2026 22/02/2026 17/12/2015 General Collection 1  
    Library of Congress Classification   Kabarak, Main Campus Kabarak, Main Campus 17/12/2015 8 KD4879 .L49 2013 C.5 019410 24/03/2026 24/03/2026 17/12/2015 General Collection 1 09/04/2026
    Library of Congress Classification   Kabarak, Main Campus Kabarak, Main Campus 17/12/2015 12 KD4879 .L49 2013 C.4 019411 15/04/2026 09/04/2026 17/12/2015 General Collection    
    Library of Congress Classification   Kabarak, Main Campus Kabarak, Main Campus 17/12/2015 5 KD4879 .L49 2013 C.3 019412 30/01/2024 12/01/2024 17/12/2015 General Collection    
    Library of Congress Classification   Kabarak, Main Campus Kabarak, Main Campus 17/12/2015 4 KD4879 .L49 2013 C.11 019413 16/03/2025 16/03/2025 17/12/2015 General Collection 1 17/04/2025
    Library of Congress Classification   Kabarak, Main Campus Kabarak, Main Campus 17/12/2015 7 KD4879 .L49 2013 C.10 019414 18/01/2024 17/01/2024 17/12/2015 General Collection    
    Library of Congress Classification   Kabarak, Main Campus Kabarak, Main Campus 17/12/2015 10 KD4879 .L49 2013 C.9 019415 28/03/2025 28/03/2025 17/12/2015 General Collection    
    Library of Congress Classification   Kabarak, Main Campus Kabarak, Main Campus 17/12/2015 9 KD4879 .L49 2013 C.8 019416 27/05/2021 18/05/2021 17/12/2015 General Collection    
    Library of Congress Classification   Kabarak, Main Campus Kabarak, Main Campus 17/12/2015 6 KD4879 .L49 2013 C.15 019417 26/01/2024 17/01/2024 17/12/2015 General Collection 1  
    Library of Congress Classification   Kabarak, Main Campus Kabarak, Main Campus 17/12/2015 5 KD4879 .L49 2013 C.14 019418 08/04/2026 08/04/2026 17/12/2015 General Collection   24/04/2026
    Library of Congress Classification   Kabarak, Main Campus Kabarak, Main Campus 17/12/2015 4 KD4879 .L49 2013 C.13 019420 14/02/2025 31/01/2025 17/12/2015 General Collection 1  
    Library of Congress Classification   Kabarak, Main Campus Kabarak, Main Campus 17/12/2015 9 KD4879 .L49 2013 C.12 019419 05/03/2026 23/02/2026 17/12/2015 General Collection 1  
Designed with assistance from East African Informatics Ltd